[Event "Quebec-ch inv."]
[Site "Montreal CAN"]
[Date "2021.11.25"]
[Round "1.2"]
[White "Rodrigue-Lemieux, Shawn"]
[Black "Lawson, Eric"]
[Result "1-0"]
[WhiteElo "2414"]
[BlackElo "2374"]
[PlyCount "135"]
[EventDate "2021.11.25"]
[EventType "k.o."]
[EventRounds "3"]
[EventCountry "CAN"]

1. c4 Nf6 2. g3 c6 3. Nf3 d5 4. Bg2 Bg4 5. Ne5 Be6 6. cxd5 Bxd5 7. Nf3 c5 8.
Nc3 Bc6 9. O-O Nbd7 10. d3 e6 11. e4 Be7 12. Qe2 O-O 13. d4 cxd4 14. Nxd4 e5
15. Nxc6 bxc6 16. b3 Bc5 17. Bb2 Bd4 18. Rac1 Nc5 19. Ba3 Qa5 20. Nb1 Rfc8 21.
Rc4 Ne6 22. Bh3 Qa6 23. Rfc1 Nd7 24. Qd3 Qb7 25. Bxe6 fxe6 26. Nd2 c5 27. Nf3
h6 28. Nxd4 cxd4 29. Bd6 Rxc4 30. Qxc4 Kf7 31. Qc7 Qxc7 32. Rxc7 Ke8 33. Kf1 a5
34. f4 exf4 35. gxf4 g5 36. fxg5 hxg5 37. e5 a4 38. b4 a3 39. Ke2 Nb6 40. Re7+
Kd8 41. Rg7 Rc8 42. Rg8+ Kd7 43. Rxc8 Nxc8 44. Bc5 Kc6 45. Bxd4 Ne7 46. Kd3 Kb5
47. Kc3 Nd5+ 48. Kb3 Nxb4 49. Be3 Nc6 50. Bxg5 Nxe5 51. Bf4 Nf3 52. h3 e5 53.
Be3 e4 54. Bf2 Ne5 55. h4 Ng4 56. Bd4 Nh6 57. h5 Nf5 58. Bf2 Kc6 59. Kxa3 e3
60. Bxe3 Nxe3 61. h6 Nc4+ 62. Kb4 Ne5 63. h7 Nf7 64. Kc3 Kb5 65. Kd4 Kc6 66.
Ke3 Kd5 67. a4 Kc4 68. Kf4 1-0

[Event "Quebec-ch inv."]
[Site "Montreal CAN"]
[Date "2021.11.25"]
[Round "1.2"]
[White "Roussel-Roozmon, Thomas"]
[Black "Zhong, Kevin"]
[Result "1-0"]
[WhiteElo "2503"]
[BlackElo "2262"]
[PlyCount "119"]
[EventDate "2021.11.25"]
[EventType "k.o."]
[EventRounds "3"]
[EventCountry "CAN"]

1. Nf3 d5 2. g3 Bg4 3. Bg2 Nd7 4. O-O Ngf6 5. d3 e5 6. h3 Bh5 7. c4 dxc4 8.
dxc4 c6 9. Nc3 Be7 10. Nh4 O-O 11. Qc2 Ne8 12. Nf5 Bg6 13. Nxe7+ Qxe7 14. Qb3
Nd6 15. Qa3 Rfe8 16. b3 Nf5 17. Qxe7 Rxe7 18. Ba3 Ree8 19. Rad1 Rad8 20. Rd2
Nd4 21. e3 Ne6 22. Rfd1 Nf6 23. f4 exf4 24. exf4 Rxd2 25. Rxd2 Rd8 26. Rxd8+
Nxd8 27. g4 Bc2 28. f5 c5 29. Bxc5 Nc6 30. Kf2 h5 31. Kg3 g6 32. fxg6 fxg6 33.
g5 Nd7 34. Be3 Nde5 35. Nb5 Bb1 36. Nc3 Bc2 37. Kf2 Kf7 38. Ke2 Ke6 39. Kd2 Bf5
40. Bd5+ Kd7 41. h4 b6 42. c5 bxc5 43. Bxc5 a5 44. Bf2 Nb4 45. Bg2 Nbc6 46. Bg3
Nd3 47. Ne4 Nde5 48. Nc5+ Kc8 49. a3 Nd7 50. Ne4 Nd4 51. Nd6+ Kd8 52. Nb7+ Ke7
53. Nxa5 Nc5 54. b4 Ne4+ 55. Bxe4 Bxe4 56. Ke3 Nf5+ 57. Kxe4 Nxg3+ 58. Kf4 Nf5
59. Nc4 Nxh4 60. Ne3 1-0

[Event "Quebec-ch inv."]
[Site "Montreal CAN"]
[Date "2021.11.27"]
[Round "2.1"]
[White "Rodrigue-Lemieux, Shawn"]
[Black "Sambuev, Bator"]
[Result "0-1"]
[WhiteElo "2414"]
[BlackElo "2568"]
[PlyCount "203"]
[EventDate "2021.11.25"]
[EventType "k.o."]
[EventRounds "3"]
[EventCountry "CAN"]

1. c4 e5 2. g3 Nc6 3. Nc3 g6 4. Bg2 Bg7 5. e4 d6 6. Nge2 f5 7. d3 Nh6 8. h4 Nf7
9. Be3 Nd4 10. h5 g5 11. h6 Bf6 12. Nd5 Nxe2 13. Qxe2 f4 14. Bd2 c6 15. Nc3 Rg8
16. O-O-O Bd7 17. Rdg1 Ke7 18. Qf1 Qb6 19. gxf4 gxf4 20. Bf3 Rg5 21. Bh5 Rag8
22. Bxf7 Kxf7 23. Ne2 Bg4 24. f3 Bxf3 25. Qxf3 Rxg1+ 26. Nxg1 Rxg1+ 27. Rxg1
Qxg1+ 28. Kc2 Qg6 29. Qh3 Be7 30. Kd1 Qe6 31. Qh5+ Kf8 32. a4 Bf6 33. b4 a6 34.
Ke2 Ke7 35. Be1 Kd7 36. Bh4 Bxh4 37. Qxh4 Qg6 38. Kf1 d5 39. cxd5 cxd5 40. Qh3+
Qe6 41. Qg2 Qxh6 42. Qg4+ Qe6 43. Qg7+ Qe7 44. Qg4+ Kd6 45. Qc8 dxe4 46. dxe4
Qc7 47. Qf8+ Kc6 48. Qh6+ Qd6 49. b5+ axb5 50. axb5+ Kc5 51. Qxh7 b6 52. Ke2
Qd4 53. Qc7+ Kxb5 54. Qb7 Qc4+ 55. Kf3 Qc3+ 56. Kg4 Qc6 57. Qh7 Qe6+ 58. Kf3
Kb4 59. Qh1 b5 60. Qe1+ Kc5 61. Qc1+ Kb6 62. Qg1+ Kc6 63. Qc1+ Qc4 64. Qa1 Qb3+
65. Kg4 Qe6+ 66. Kg5 Kb6 67. Qg1+ Kb7 68. Qc5 Ka6 69. Qa3+ Kb6 70. Qf8 Kc6 71.
Qa3 Qd6 72. Qa6+ Kc5 73. Qa5 Qd4 74. Kf5 Kc4 75. Qa2+ Kb4 76. Qb1+ Kc5 77. Qc2+
Kb6 78. Qb3 b4 79. Qe6+ Ka5 80. Qa2+ Kb5 81. Qe2+ Kb6 82. Qf3 Qc3 83. Qf2+ Kb7
84. Qa2 b3 85. Qa3 Kb6 86. Qd6+ Kb5 87. Qd5+ Kb4 88. Qd6+ Qc5 89. Qd2+ Ka3 90.
Qd3 Qd4 91. Qa6+ Kb4 92. Qb7+ Kc3 93. Qc7+ Kd3 94. Qb7 b2 95. Qb5+ Ke3 96. Qb3+
Kd2 97. Qa2 f3 98. Qa5+ Kd1 99. Qb5 f2 100. Qf1+ Kd2 101. Kg4 Qxe4+ 102. Kg3
0-1

[Event "Quebec-ch inv."]
[Site "Montreal CAN"]
[Date "2021.11.27"]
[Round "2.2"]
[White "Sambuev, Bator"]
[Black "Rodrigue-Lemieux, Shawn"]
[Result "1/2-1/2"]
[WhiteElo "2568"]
[BlackElo "2414"]
[PlyCount "56"]
[EventDate "2021.11.25"]
[EventType "k.o."]
[EventRounds "3"]
[EventCountry "CAN"]

1. d4 Nf6 2. Nf3 d5 3. e3 c5 4. dxc5 e6 5. a3 Bxc5 6. b4 Be7 7. Bb2 O-O 8. c4
dxc4 9. Bxc4 Qxd1+ 10. Kxd1 b6 11. Ne5 Bb7 12. f3 Nc6 13. Nxc6 Bxc6 14. Ke2
Rfd8 15. Rc1 Nd5 16. Ba6 Ba4 17. Nc3 Nxc3+ 18. Bxc3 Rd7 19. Bd4 Rad8 20. Ra2
Bg5 21. Rd2 Rxd4 22. exd4 Bxd2 23. Kxd2 Kf8 24. Ke3 Ke7 25. Bd3 Kd6 26. f4 Bc6
27. Be4 Rc8 28. h4 h6 1/2-1/2

[Event "RA December op"]
[Site "Ottawa CAN"]
[Date "2021.12.10"]
[Round "1"]
[White "Adam, Rafael"]
[Black "Rodrigue-Lemieux, Shawn"]
[Result "0-1"]
[WhiteElo "1947"]
[BlackElo "2418"]
[PlyCount "84"]
[EventDate "2021.12.10"]
[EventType "swiss"]
[EventRounds "5"]
[EventCountry "CAN"]

1. d4 Nf6 2. Bg5 d5 3. e3 Nbd7 4. Nf3 e6 5. c4 h6 6. Bh4 Bb4+ 7. Nc3 g5 8. Bg3
Ne4 9. Qb3 c5 10. Bd3 dxc4 11. Bxc4 Qa5 12. Rc1 Nb6 13. Bc7 Bd7 14. O-O Bxc3
15. bxc3 Rc8 16. Bxb6 Qxb6 17. Bd3 Nd6 18. Ne5 Qxb3 19. axb3 Ke7 20. Nxd7 Kxd7
21. c4 a5 22. Rfd1 Rhd8 23. Rc2 Ke7 24. Rcd2 Rc7 25. f3 b6 26. Kf2 Nc8 27. Be4
cxd4 28. Rxd4 Rxd4 29. exd4 a4 30. Bc2 Nd6 31. Rc1 Nb7 32. Bd1 axb3 33. Bxb3
Na5 34. Ba2 Nc6 35. Ke3 Ra7 36. Bb1 Ra3+ 37. Bd3 Nb4 38. Rd1 Nc2+ 39. Ke4 f5+
40. Ke5 Rxd3 41. Rxd3 Nb4 42. Rb3 Nc6# 0-1

[Event "RA December op"]
[Site "Ottawa CAN"]
[Date "2021.12.10"]
[Round "1"]
[White "Plotkin, Victor"]
[Black "D'Souza, Carina"]
[Result "1-0"]
[WhiteElo "2434"]
[BlackElo "1893"]
[PlyCount "97"]
[EventDate "2021.12.10"]
[EventType "swiss"]
[EventRounds "5"]
[EventCountry "CAN"]

1. Nf3 d5 2. d4 c6 3. e3 Bf5 4. c4 e6 5. Qb3 Qc7 6. Nc3 Nd7 7. Nh4 Bg6 8. Nxg6
hxg6 9. g3 f5 10. Bd2 Rc8 11. Bg2 Ngf6 12. Rc1 Qb8 13. Ne2 Bd6 14. Bb4 Bxb4+
15. Qxb4 Nh5 16. O-O Ndf6 17. f3 g5 18. Rce1 g4 19. f4 Kf7 20. Nc1 g6 21. Nd3
Rhe8 22. Ne5+ Kg7 23. Kf2 Qc7 24. Rc1 Qb6 25. Qxb6 axb6 26. Rc3 Ra8 27. a3 Re7
28. Rb3 Ra6 29. Rc1 Nd7 30. Bf1 Nhf6 31. cxd5 Ne4+ 32. Ke1 Ra8 33. Nxd7 Rxd7
34. dxc6 bxc6 35. Rxc6 Rh8 36. Rc2 Rd6 37. Bd3 Nf6 38. Rc7+ Kf8 39. Rc8+ Ne8
40. Bb5 Ke7 41. Rbc3 Rd8 42. Rxd8 Kxd8 43. Bxe8 Rxh2 44. Bxg6 Rg2 45. e4 fxe4
46. Bxe4 Rxb2 47. Bc2 Kd7 48. Kd2 Kd6 49. Rb3 1-0

[Event "RA December op"]
[Site "Ottawa CAN"]
[Date "2021.12.10"]
[Round "1"]
[White "Sambuev, Bator"]
[Black "Labib, Daniel"]
[Result "1-0"]
[WhiteElo "2564"]
[BlackElo "1982"]
[PlyCount "43"]
[EventDate "2021.12.10"]
[EventType "swiss"]
[EventRounds "5"]
[EventCountry "CAN"]

1. d4 Nf6 2. c4 e6 3. Nf3 d5 4. Nc3 dxc4 5. e3 a6 6. Bxc4 b5 7. Bb3 Bb7 8. O-O
Nbd7 9. e4 Nxe4 10. Nxe4 Bxe4 11. Ng5 Bb7 12. Bxe6 fxe6 13. Nxe6 Qf6 14. Re1
Be7 15. Bg5 Qg6 16. Nxg7+ Qxg7 17. Qh5+ Kd8 18. Rxe7 Qxe7 19. Bxe7+ Kxe7 20.
Re1+ Kd8 21. Qf7 Rf8 22. Qe7+ 1-0

[Event "RA December op"]
[Site "Ottawa CAN"]
[Date "2021.12.10"]
[Round "1"]
[White "Wang, Derek"]
[Black "Han, Johnathan"]
[Result "0-1"]
[WhiteElo "1872"]
[BlackElo "2275"]
[PlyCount "76"]
[EventDate "2021.12.10"]
[EventType "swiss"]
[EventRounds "5"]
[EventCountry "CAN"]

1. Nf3 Nf6 2. c4 e6 3. d4 b6 4. Bg5 Bb7 5. e3 Bb4+ 6. Nbd2 c5 7. Be2 cxd4 8.
exd4 Be7 9. Rc1 O-O 10. O-O d6 11. Qb3 Nbd7 12. Rfd1 h6 13. Bxf6 Nxf6 14. Nf1
Rc8 15. Ne3 Qc7 16. Qc2 Rfd8 17. b4 Qb8 18. Qb3 Ne4 19. d5 e5 20. Nf5 Bf8 21.
Qe3 Nf6 22. Nd2 Kh7 23. Ne4 Nxe4 24. Qxe4 g6 25. Rc3 Rc7 26. Rh3 Bc8 27. Bg4
gxf5 28. Bxf5+ Kh8 29. Rdd3 Rxc4 30. Qxc4 Bxf5 31. Rhg3 Rc8 32. Qb3 Bxd3 33.
Rxd3 Rc1+ 34. Rd1 Rxd1+ 35. Qxd1 Qc8 36. f4 Bg7 37. fxe5 Bxe5 38. Qh5 Bd4+ 0-1

[Event "RA December op"]
[Site "Ottawa CAN"]
[Date "2021.12.10"]
[Round "1"]
[White "Xu, Eddie"]
[Black "Hadid, Mohammed"]
[Result "1-0"]
[WhiteElo "2204"]
[BlackElo "1854"]
[PlyCount "65"]
[EventDate "2021.12.10"]
[EventType "swiss"]
[EventRounds "5"]
[EventCountry "CAN"]

1. d4 Nf6 2. c4 e6 3. Nc3 Bb4 4. f3 d5 5. a3 Bxc3+ 6. bxc3 c5 7. cxd5 exd5 8.
e3 O-O 9. Bd3 b6 10. Ne2 Ba6 11. Bxa6 Nxa6 12. O-O Qd7 13. Ng3 cxd4 14. cxd4
Rfd8 15. Bb2 Ne8 16. Qe2 Nac7 17. e4 Nd6 18. Rad1 Rac8 19. Qf2 b5 20. Rfe1 Nce8
21. Nh5 Rc4 22. Qg3 Qc6 23. Qe5 Rc2 24. Ba1 Nc4 25. exd5 Nxe5 26. dxc6 Nxc6 27.
d5 Na5 28. d6 f6 29. d7 Nc7 30. Re7 Rc6 31. Rxg7+ Kf8 32. Rxh7 Nb7 33. Bxf6 1-0

[Event "RA December op"]
[Site "Ottawa CAN"]
[Date "2021.12.11"]
[Round "2"]
[White "Fiedorowicz, Owen"]
[Black "Li, William"]
[Result "1/2-1/2"]
[WhiteElo "1812"]
[BlackElo "2276"]
[PlyCount "90"]
[EventDate "2021.12.10"]
[EventType "swiss"]
[EventRounds "5"]
[EventCountry "CAN"]

1. e4 c5 2. Nf3 d6 3. d4 cxd4 4. Qxd4 Nc6 5. Bb5 Bd7 6. Qd3 g6 7. c4 Bg7 8. O-O
Nf6 9. Nc3 O-O 10. h3 Qa5 11. Nd5 Nxd5 12. exd5 Bf5 13. Qe3 Ne5 14. Nxe5 Bxe5
15. Bd2 Qc7 16. g4 Bc8 17. Qb3 f5 18. f3 e6 19. Be3 a6 20. Ba4 exd5 21. c5 Qf7
22. Qb6 d4 23. Bh6 Be6 24. Bxf8 Rxf8 25. cxd6 Qf6 26. Bb3 Bf4 27. d7 Be3+ 28.
Kg2 Kf7 29. Qxb7 Rd8 30. Qxa6 f4 31. Qxe6+ Qxe6 32. Bxe6+ Kxe6 33. Rfd1 Rxd7
34. Rd3 Rc7 35. a4 Rc2+ 36. Kh1 Kd5 37. b3 Rc3 38. Rxc3 dxc3 39. a5 Kc5 40. a6
Kb4 41. a7 Bxa7 42. Rxa7 c2 43. Rc7 Kxb3 44. Kg2 Kb2 45. Rb7+ Ka2 1/2-1/2

[Event "RA December op"]
[Site "Ottawa CAN"]
[Date "2021.12.11"]
[Round "2"]
[White "Han, Johnathan"]
[Black "Sambuev, Bator"]
[Result "0-1"]
[WhiteElo "2275"]
[BlackElo "2564"]
[PlyCount "74"]
[EventDate "2021.12.10"]
[EventType "swiss"]
[EventRounds "5"]
[EventCountry "CAN"]

1. e4 e6 2. d4 d5 3. e5 c5 4. c3 Nc6 5. Nf3 Qb6 6. a3 Nh6 7. b4 cxd4 8. cxd4
Nf5 9. Be3 Bd7 10. Bd3 Rc8 11. O-O Nxe3 12. fxe3 Be7 13. Nbd2 O-O 14. Nb3 a5
15. b5 Nb8 16. a4 Rc3 17. Nc1 f5 18. exf6 Bxf6 19. Ne2 Rc7 20. Nf4 Be8 21. h4
g6 22. g4 Rcf7 23. Bxg6 hxg6 24. Nxg6 Nd7 25. Nxf8 Nxf8 26. g5 Bh8 27. Nh2 Qd6
28. Rxf7 Qg3+ 29. Kh1 Bxf7 30. Qe1 Qh3 31. Qf2 Bg6 32. Rc1 e5 33. h5 Be4+ 34.
Kg1 Qxh5 35. Rc8 Qxg5+ 36. Kf1 Bg7 37. Nf3 Qf5 0-1

[Event "RA December op"]
[Site "Ottawa CAN"]
[Date "2021.12.11"]
[Round "2"]
[White "Rodrigue-Lemieux, Shawn"]
[Black "Simic, Dusan"]
[Result "1-0"]
[WhiteElo "2418"]
[BlackElo "2029"]
[PlyCount "67"]
[EventDate "2021.12.10"]
[EventType "swiss"]
[EventRounds "5"]
[EventCountry "CAN"]

1. c4 e6 2. g3 d5 3. Bg2 Nf6 4. Nf3 Be7 5. O-O O-O 6. b3 c5 7. Bb2 d4 8. e3 Nc6
9. exd4 cxd4 10. Re1 Re8 11. Ne5 Nxe5 12. Rxe5 Bd6 13. Bxd4 Bxe5 14. Bxe5 Nd7
15. Bb2 e5 16. Nc3 Nc5 17. Nd5 Bf5 18. d4 Nd3 19. Qf3 Bg6 20. Bc3 exd4 21. Bxd4
Ne1 22. Qc3 Nxg2 23. Bxg7 Re6 24. Bf6 Qf8 25. Nc7 Rxf6 26. Qxf6 Qd8 27. Qxd8+
Rxd8 28. Nd5 Nh4 29. gxh4 Kg7 30. Rd1 Rg8 31. f3 Re8 32. Kf2 Re5 33. Ne3 Re7
34. h5 1-0

[Event "RA December op"]
[Site "Ottawa CAN"]
[Date "2021.12.11"]
[Round "2"]
[White "Sadeghi, Saeid"]
[Black "Zhu, Matthew"]
[Result "1/2-1/2"]
[WhiteElo "2148"]
[BlackElo "1824"]
[PlyCount "104"]
[EventDate "2021.12.10"]
[EventType "swiss"]
[EventRounds "5"]
[EventCountry "CAN"]

1. d4 Nf6 2. Bg5 d5 3. Bxf6 exf6 4. Nf3 Bf5 5. Nbd2 Bd6 6. e3 O-O 7. c4 Bb4 8.
Qb3 Qd6 9. cxd5 Be4 10. Bc4 Rd8 11. O-O Bxd2 12. Nxd2 Bxd5 13. e4 Bxc4 14. Nxc4
Qa6 15. Rad1 Nc6 16. d5 Ne5 17. Rc1 Rac8 18. Rc3 c5 19. Rfc1 b6 20. a4 Nxc4 21.
Rxc4 Qb7 22. Rxc5 Rxc5 23. Rxc5 Qe7 24. Rc4 Rxd5 25. Rc8+ Rd8 26. Qc4 Qd7 27.
Rxd8+ Qxd8 28. g3 Kf8 29. Kg2 Ke7 30. h4 Qd7 31. b3 Qe6 32. Qc7+ Qd7 33. Qb8 h6
34. Qg8 g5 35. h5 Qe6 36. Qa8 a5 37. Qb7+ Kf8 38. Qa8+ Kg7 39. Qd5 Qe7 40. Kh2
Qc7 41. Kg2 Qe7 42. Qd4 Qe6 43. b4 axb4 44. Qxb4 Qc6 45. Qd4 Qe8 46. Kf3 Qc6
47. Ke3 Qe6 48. Qd5 Qe8 49. Qb5 Qe6 50. Qd5 Qe8 51. Qb3 Qc6 52. Qb5 Qe6 1/2-1/2

[Event "RA December op"]
[Site "Ottawa CAN"]
[Date "2021.12.11"]
[Round "2"]
[White "Van Rooy, Jake"]
[Black "Plotkin, Victor"]
[Result "1/2-1/2"]
[WhiteElo "2069"]
[BlackElo "2434"]
[PlyCount "169"]
[EventDate "2021.12.10"]
[EventType "swiss"]
[EventRounds "5"]
[EventCountry "CAN"]

1. g3 e5 2. c4 c5 3. Nc3 Nc6 4. Bg2 d6 5. d3 g6 6. Nf3 Bg7 7. O-O Nge7 8. Ne1
Be6 9. Nc2 d5 10. cxd5 Nxd5 11. Bd2 O-O 12. Nxd5 Bxd5 13. Bc3 Bxg2 14. Kxg2
Qd5+ 15. Kg1 Rfd8 16. Ne3 Qe6 17. a4 e4 18. Bxg7 Kxg7 19. Ra3 Nb4 20. Rc3 Rac8
21. Nc2 a5 22. Nxb4 axb4 23. Rc4 exd3 24. exd3 Qd5 25. Qe2 Rc6 26. Qe4 b6 27.
Rfc1 Re6 28. Qxd5 Rxd5 29. d4 Rxd4 30. Rxd4 cxd4 31. Rc4 d3 32. Rd4 Re1+ 33.
Kg2 Rb1 34. Rxd3 Rxb2 35. Rd6 Ra2 36. Rxb6 Rxa4 37. g4 h6 38. h4 b3 39. Rxb3
Rxg4+ 40. Kh3 h5 41. f3 Rd4 42. Rb7 Rd6 43. Kg3 Kf6 44. Ra7 Rd5 45. Rb7 Rf5 46.
Rb4 g5 47. Rb6+ Kg7 48. hxg5 Rxg5+ 49. Kh4 Rd5 50. Ra6 f6 51. Ra8 Kg6 52. Rh8
Rd1 53. Kg3 Rg1+ 54. Kf2 Rg5 55. Ra8 h4 56. Ra4 Rh5 57. Kg2 h3+ 58. Kh2 Kg5 59.
Rg4+ Kf5 60. Ra4 Rh7 61. Rb4 Ke5 62. Re4+ Kf5 63. Rb4 Rh6 64. Ra4 Ke5 65. Re4+
Kd5 66. Ra4 Rh8 67. Rf4 Ke5 68. Re4+ Kf5 69. Ra4 Ke6 70. Re4+ Kf7 71. Ra4 Rh5
72. Rf4 f5 73. Ra4 Kf6 74. f4 Ke6 75. Rd4 Rh4 76. Rc4 Kd5 77. Ra4 Rh8 78. Rb4
Kc5 79. Ra4 Kd5 80. Rb4 Kc5 81. Ra4 Rh5 82. Ra3 Kd4 83. Rxh3 Rxh3+ 84. Kxh3 Ke4
85. Kg2 1/2-1/2

[Event "RA December op"]
[Site "Ottawa CAN"]
[Date "2021.12.11"]
[Round "2"]
[White "Villeneuve, Robert"]
[Black "Donev, Danail"]
[Result "1/2-1/2"]
[WhiteElo "2076"]
[BlackElo "1947"]
[PlyCount "44"]
[EventDate "2021.12.10"]
[EventType "swiss"]
[EventRounds "5"]
[EventCountry "CAN"]

1. e4 c5 2. Nf3 d6 3. Bb5+ Nd7 4. a4 Ngf6 5. Nc3 e5 6. O-O Be7 7. Re1 O-O 8.
Bf1 Re8 9. d3 Nf8 10. Ne2 Nh5 11. g3 Bg4 12. Bg2 Qd7 13. c3 Ng6 14. Be3 Nf6 15.
Nd2 d5 16. f3 Be6 17. c4 d4 18. Bf2 Bd6 19. Kh1 Rf8 20. Bg1 Nh5 21. Rf1 Bh3 22.
Rf2 Bxg2+ 1/2-1/2

[Event "RA December op"]
[Site "Ottawa CAN"]
[Date "2021.12.11"]
[Round "3"]
[White "Balasooriya, Randika"]
[Black "Villeneuve, Robert"]
[Result "0-1"]
[WhiteElo "1825"]
[BlackElo "2076"]
[PlyCount "76"]
[EventDate "2021.12.10"]
[EventType "swiss"]
[EventRounds "5"]
[EventCountry "CAN"]

1. e4 c5 2. Nf3 d6 3. c3 Nf6 4. Be2 g6 5. O-O Bg7 6. Re1 O-O 7. Bf1 e5 8. d4
exd4 9. cxd4 cxd4 10. Nxd4 Nc6 11. Nb5 d5 12. e5 Ng4 13. e6 Qh4 14. exf7+ Kh8
15. h3 Nxf2 16. Qe2 Nd3 17. Qxd3 Qxe1 18. Bd2 Qh4 19. Qxd5 Bf5 20. Bc3 Rad8 21.
Qb3 Rd7 22. Bxg7+ Kxg7 23. Qc3+ Qf6 24. Qxf6+ Kxf6 25. g4 Be6 26. N1c3 Bxf7 27.
Bg2 Kg7 28. Ne4 Rfd8 29. Nbc3 Ne5 30. g5 Nd3 31. Nf6 Rd4 32. Bxb7 Nxb2 33. Rb1
Na4 34. Nb5 Rd1+ 35. Rxd1 Rxd1+ 36. Kf2 Nc5 37. Nc3 Rd2+ 38. Ke1 Rc2 0-1

[Event "RA December op"]
[Site "Ottawa CAN"]
[Date "2021.12.11"]
[Round "3"]
[White "Donev, Danail"]
[Black "Sadeghi, Saeid"]
[Result "1-0"]
[WhiteElo "1947"]
[BlackElo "2148"]
[PlyCount "89"]
[EventDate "2021.12.10"]
[EventType "swiss"]
[EventRounds "5"]
[EventCountry "CAN"]

1. e4 c6 2. d4 d5 3. exd5 cxd5 4. c4 Nf6 5. Nc3 Nc6 6. Bg5 Be6 7. Nf3 h6 8.
Bxf6 exf6 9. c5 Be7 10. Be2 O-O 11. O-O f5 12. a3 a5 13. Rb1 b6 14. Bb5 Na7 15.
b4 axb4 16. axb4 Bf6 17. Re1 bxc5 18. bxc5 Qa5 19. Qc2 Rfb8 20. Ra1 Qc7 21. Bd3
Nc6 22. Nb5 Qf4 23. Qc3 g5 24. Be2 Rd8 25. g3 Qb8 26. Rxa8 Qxa8 27. Nc7 Qa4 28.
Nxe6 fxe6 29. Bd1 Bxd4 30. Qd2 Qc4 31. Rxe6 Bc3 32. Qc1 Nd4 33. Rxh6 Nxf3+ 34.
Bxf3 f4 35. Qc2 Bg7 36. Qh7+ Kf8 37. Rg6 Rd7 38. c6 Re7 39. Kg2 fxg3 40. hxg3
Rf7 41. Rxg5 Qd4 42. Rxd5 Qc3 43. Rd8+ Ke7 44. Rd3 Rxf3 45. Kxf3 1-0

[Event "RA December op"]
[Site "Ottawa CAN"]
[Date "2021.12.11"]
[Round "3"]
[White "Li, William"]
[Black "Han, Johnathan"]
[Result "1/2-1/2"]
[WhiteElo "2276"]
[BlackElo "2275"]
[PlyCount "87"]
[EventDate "2021.12.10"]
[EventType "swiss"]
[EventRounds "5"]
[EventCountry "CAN"]

1. e4 c5 2. Nf3 d6 3. Bb5+ Nd7 4. a4 Ngf6 5. Nc3 a6 6. Be2 b6 7. d4 cxd4 8.
Qxd4 e6 9. O-O Be7 10. Nd2 Bb7 11. Nc4 d5 12. exd5 exd5 13. Bf3 Nc5 14. Ne3 Ne6
15. Qd1 Nc7 16. Nf5 O-O 17. Bg5 Bc5 18. Ne2 Ne6 19. Bh4 Re8 20. Qd2 a5 21. Neg3
g6 22. Nh5 gxh5 23. Qh6 Bf8 24. Qxf6 Qxf6 25. Bxf6 Rac8 26. c3 Nc5 27. Rfd1 Re6
28. Bg5 Rce8 29. Be3 Re5 30. Ng3 h4 31. Nh5 Be7 32. Bd4 Re6 33. Nf4 Rd6 34. Be5
Rd7 35. Bg4 Rdd8 36. Bc7 Ra8 37. Nxd5 Bxd5 38. Rxd5 Bd8 39. Be5 f6 40. Bd6 Be7
41. Bc7 Bd8 42. Bd6 Be7 43. Bc7 Bd8 44. Bd6 1/2-1/2

[Event "RA December op"]
[Site "Ottawa CAN"]
[Date "2021.12.11"]
[Round "3"]
[White "Plotkin, Victor"]
[Black "Rodrigue-Lemieux, Shawn"]
[Result "0-1"]
[WhiteElo "2434"]
[BlackElo "2418"]
[PlyCount "64"]
[EventDate "2021.12.10"]
[EventType "swiss"]
[EventRounds "5"]
[EventCountry "CAN"]

1. e4 c6 2. Nc3 d5 3. Nf3 dxe4 4. Nxe4 Nf6 5. Nxf6+ exf6 6. Bc4 Qe7+ 7. Be2 Qc7
8. O-O Bd6 9. d4 O-O 10. c4 Re8 11. Qc2 Nd7 12. c5 Bf4 13. Bxf4 Qxf4 14. g3 Qc7
15. Rfe1 Nf8 16. d5 cxd5 17. Nd4 Bd7 18. Bd3 Qa5 19. Rec1 Rac8 20. a3 Rxc5 21.
Qxc5 Re1+ 22. Rxe1 Qxc5 23. Red1 Ne6 24. Nf5 g6 25. b4 Qf8 26. Ne3 d4 27. Nc2
Ba4 28. Rac1 Qh6 29. f4 Nxf4 30. gxf4 Qxf4 31. Rf1 Qg5+ 32. Kf2 Qd2+ 0-1

[Event "RA December op"]
[Site "Ottawa CAN"]
[Date "2021.12.11"]
[Round "3"]
[White "Xu, Eddie"]
[Black "Petrovic, Milos"]
[Result "0-1"]
[WhiteElo "2204"]
[BlackElo "2018"]
[PlyCount "70"]
[EventDate "2021.12.10"]
[EventType "swiss"]
[EventRounds "5"]
[EventCountry "CAN"]

1. d4 Nf6 2. c4 e6 3. Nc3 Bb4 4. f3 d5 5. a3 Bxc3+ 6. bxc3 h6 7. e3 O-O 8. cxd5
exd5 9. Bd3 c5 10. Ne2 Nc6 11. O-O Re8 12. Ng3 b6 13. Ra2 a5 14. Re2 Ba6 15.
Bxa6 Rxa6 16. Bb2 b5 17. e4 b4 18. axb4 axb4 19. cxb4 cxb4 20. e5 Nd7 21. f4
Na5 22. f5 Nc4 23. Bc1 Qb6 24. Kh1 b3 25. f6 g6 26. Nf5 Kh7 27. Ne7 Ra1 28. e6
fxe6 29. Qd3 Nf8 30. Qh3 Rxc1 31. Rxc1 b2 32. Rb1 Qxd4 33. Qb3 Qf4 34. Nxd5 Rb8
35. Qc3 Qf5 0-1

[Event "RA December op"]
[Site "Ottawa CAN"]
[Date "2021.12.11"]
[Round "3"]
[White "Zhu, Matthew"]
[Black "Van Rooy, Jake"]
[Result "1/2-1/2"]
[WhiteElo "1824"]
[BlackElo "2069"]
[PlyCount "136"]
[EventDate "2021.12.10"]
[EventType "swiss"]
[EventRounds "5"]
[EventCountry "CAN"]

1. e4 c5 2. Nf3 g6 3. c3 Bg7 4. d4 cxd4 5. cxd4 d5 6. exd5 Nf6 7. Bc4 O-O 8.
Nc3 Nbd7 9. O-O Nb6 10. Qb3 Nxc4 11. Qxc4 b6 12. Bf4 Bb7 13. Bc7 Qc8 14. Nd2
Nxd5 15. Nxd5 Bxd5 16. Qxd5 Qxc7 17. Qe4 Rac8 18. Nf3 e6 19. Qe3 Qc2 20. Rab1
Qa4 21. a3 Rc2 22. h3 Qb5 23. b3 Rfc8 24. Ne5 Re2 25. a4 Rxe3 26. axb5 Re4 27.
Nc6 Rc7 28. Rfd1 Rd7 29. Rd3 Bxd4 30. Rbd1 e5 31. Kf1 Rf4 32. f3 Rc7 33. Nxd4
exd4 34. Rxd4 Rf5 35. Rd7 Rxd7 36. Rxd7 Rxb5 37. Rxa7 Rxb3 38. Rb7 Rb2 39. Kg1
h5 40. h4 Kg7 41. Kh2 Kf6 42. Kg3 Ke6 43. Kf4 f6 44. g4 Rb4+ 45. Kg3 Rb5 46.
Rg7 hxg4 47. fxg4 Rb3+ 48. Kf4 Rh3 49. Rb7 Rxh4 50. Rxb6+ Kf7 51. Rb7+ Kg8 52.
Rb8+ Kg7 53. Rb7+ Kh6 54. Rb8 Kg7 55. Rb7+ Kh6 56. Rb8 Kg7 57. Rb7+ Kf8 58.
Rb8+ Ke7 59. Rb7+ Ke8 60. Rb6 Ke7 61. Rb7+ Kf8 62. Rb8+ Kf7 63. Rb7+ Kg8 64.
Rb8+ Kh7 65. Rb7+ Kh6 66. Rb8 Kh7 67. Rb7+ Kh8 68. Rb8+ Kh7 1/2-1/2

[Event "RA December op"]
[Site "Ottawa CAN"]
[Date "2021.12.12"]
[Round "4"]
[White "Donev, Danail"]
[Black "Zhu, Matthew"]
[Result "0-1"]
[WhiteElo "1947"]
[BlackElo "1824"]
[PlyCount "116"]
[EventDate "2021.12.10"]
[EventType "swiss"]
[EventRounds "5"]
[EventCountry "CAN"]

1. e4 c5 2. Nc3 d6 3. g3 g6 4. Bg2 Bg7 5. d3 Nc6 6. f4 e6 7. Nf3 Nge7 8. O-O
O-O 9. Be3 Qa5 10. Bf2 Bxc3 11. bxc3 Qxc3 12. d4 d5 13. Re1 dxe4 14. Rxe4 Rd8
15. Re3 Qa5 16. Ng5 Nxd4 17. Rd3 Nec6 18. c3 Nb5 19. Rxd8+ Nxd8 20. Qg4 Qxc3
21. Rd1 Nd4 22. Qh4 h5 23. Ne4 Qa5 24. g4 e5 25. gxh5 Bf5 26. fxe5 N8e6 27.
hxg6 Bxg6 28. Nf6+ Kg7 29. Qg4 Qb4 30. Bh4 Rh8 31. Ne8+ Kf8 32. Bf6 Rg8 33. Nc7
Bf5 34. Nxe6+ Bxe6 35. Qh4 Bd5 36. Bg7+ Ke8 37. Qh7 Ne2+ 38. Kf1 Bxg2+ 39. Kxe2
Qg4+ 40. Ke1 Rxg7 41. Qh8+ Rg8 42. Qf6 Qb4+ 43. Kf2 Qb2+ 44. Ke1 Qb6 45. Rd6
Qa5+ 46. Ke2 Qxa2+ 47. Ke1 Qa5+ 48. Ke2 Bh3 49. e6 Bxe6 50. Rxe6+ fxe6 51.
Qxe6+ Kd8 52. Qxg8+ Kc7 53. h4 Qa6+ 54. Ke3 Qh6+ 55. Qg5 Qxg5+ 56. hxg5 Kd6 57.
Ke4 Ke6 58. Kf4 a5 0-1

[Event "RA December op"]
[Site "Ottawa CAN"]
[Date "2021.12.12"]
[Round "4"]
[White "Han, Johnathan"]
[Black "Latorre, Vincent"]
[Result "1/2-1/2"]
[WhiteElo "2275"]
[BlackElo "2000"]
[PlyCount "82"]
[EventDate "2021.12.10"]
[EventType "swiss"]
[EventRounds "5"]
[EventCountry "CAN"]

1. e4 g6 2. d4 Bg7 3. Nc3 d6 4. f4 a6 5. Nf3 Nd7 6. Bd3 c5 7. Be3 cxd4 8. Bxd4
Bxd4 9. Nxd4 Ngf6 10. Qd2 b5 11. O-O-O Bb7 12. Rde1 O-O 13. e5 dxe5 14. fxe5
Nxe5 15. Rxe5 Qxd4 16. Rxe7 Bc6 17. Rhe1 Rfe8 18. g3 Rxe7 19. Rxe7 Rd8 20. Re1
b4 21. Ne2 Qc5 22. Kb1 Kg7 23. Qf4 Re8 24. Rf1 Qe7 25. g4 Bd5 26. h4 Ne4 27. g5
Qe5 28. Qxe5+ Rxe5 29. Kc1 Nc5 30. Nf4 Nxd3+ 31. Nxd3 Re4 32. Rf4 Rxf4 33. Nxf4
Bc4 34. Kd2 f6 35. b3 Bf7 36. Ke3 h6 37. Nd3 a5 38. Kf4 fxg5+ 39. hxg5 hxg5+
40. Kxg5 Be6 41. Nc5 Bf5 1/2-1/2